[Event "LSS SB-2009-0-00050"]
[Site "LSS email"]
[Date "2009.05.06"]
[Round "?"]
[White "Van Hove, Paulo"]
[Black "Sherwood, Russell"]
[Result "0-1"]
[WhiteElo "1894"]
[BlackElo "1655"]
[PlyCount "32"]
[EventDate "2009.04.01"]
[EventType "tourn (corr)"]
[EventRounds "6"]
[EventCountry "GER"]
[SourceTitle "Corr 2013"]
[Source "ChessBase"]
[SourceDate "2012.11.12"]
[SourceVersion "1"]
[SourceVersionDate "2012.11.12"]
[SourceQuality "1"]
[WhiteTeam "US of America"]
[BlackTeam "US of America"]
[WhiteTeamCountry "USA"]
[BlackTeamCountry "USA"]

1. e4 c5 2. Nf3 d6 3. d4 cxd4 4. Nxd4 Nf6 5. Nc3 g6 6. Be2 Bg7 7. Be3 Nc6 8. f3 0-0 9. Qd2 Nxd4 10. Bxd4 Be6 11. 0-0 Qa5 12. Rad1 Rfd8 13. b4 Qxb4 14. Rb1 Nxe4 15. Rxb4 Nxd2 16. Rd1 a5 0-1

[Event "LSS SB-2009-0-00050"]
[Site "LSS email"]
[Date "2009.05.05"]
[Round "?"]
[White "Van Hove, Paulo"]
[Black "Roggensack, Hans Peter"]
[Result "0-1"]
[WhiteElo "1800"]
[BlackElo "1901"]
[PlyCount "26"]
[EventDate "2009.04.01"]
[EventType "tourn (corr)"]
[EventRounds "6"]
[EventCountry "GER"]
[SourceTitle "Corr 2022"]
[Source "ChessBase"]
[SourceDate "2021.10.24"]
[SourceVersion "1"]
[SourceVersionDate "2021.10.24"]
[SourceQuality "1"]

1. e4 e5 2. Nf3 Nf6 3. Nxe5 Nxe4 4. Qe2 Qe7 5. d4 d6 6. Qxe4 dxe5 7. dxe5 Nc6 8. Bb5 Bd7 9. 0-0 0-0-0 10. Bf4 g5 11. Bg3 f5 12. Qe3 f4 13. Bxf4 gxf4 0-1